000 00736nam a2200229Ia 4500
001 13205
003 GE_BSU
008 181216s||||||||xx |||||||||||||| ||und||
040 _cGE_BSU
080 _a631.8(075.8)
100 _aШестаков.А.Г.
245 _aРуководство к практическим занятиям по агрохимии.Ч.2
245 _bАнализ растении
245 _cРед.Б.Я.Кривошлык
260 _aМосква
260 _bСельхозгиз
260 _c1940
300 _a448стр.20см.
300 _cБиблиогр.с.437-438
653 _aРуководство к практическим занятиям по агрохимии
942 _cBK
999 _c46369
_d46369